<?xml version="1.0" encoding="UTF-8"?>
<record
    xmlns:xsi="http://www.w3.org/2001/XMLSchema-instance"
    xsi:schemaLocation="http://www.loc.gov/MARC21/slim http://www.loc.gov/standards/marcxml/schema/MARC21slim.xsd"
    xmlns="http://www.loc.gov/MARC21/slim">

  <leader>01737nam a2200397 i 4500</leader>
  <controlfield tag="005">20220317002013.0</controlfield>
  <controlfield tag="007">ta</controlfield>
  <controlfield tag="008">201105s2019    ck a   br     000 jdspa d</controlfield>
  <datafield tag="020" ind1=" " ind2=" ">
    <subfield code="a">9789580013358</subfield>
  </datafield>
  <datafield tag="040" ind1=" " ind2=" ">
    <subfield code="a">CO-BoRNBP</subfield>
    <subfield code="b">spa</subfield>
    <subfield code="e">rda</subfield>
    <subfield code="c">CO-BoRNBP</subfield>
  </datafield>
  <datafield tag="041" ind1="0" ind2=" ">
    <subfield code="a">spa</subfield>
  </datafield>
  <datafield tag="084" ind1=" " ind2=" ">
    <subfield code="a">C ITU1</subfield>
  </datafield>
  <datafield tag="100" ind1="1" ind2=" ">
    <subfield code="a">Iturralde, Edna</subfield>
    <subfield code="d">1948-</subfield>
    <subfield code="e">autora</subfield>
  </datafield>
  <datafield tag="245" ind1="1" ind2="0">
    <subfield code="a">Cuando callaron las armas</subfield>
    <subfield code="c">Edna Iturralde ; ilustraciones Olga Luc&#xED;a Aldana</subfield>
  </datafield>
  <datafield tag="250" ind1=" " ind2=" ">
    <subfield code="a">Segunda edici&#xF3;n</subfield>
  </datafield>
  <datafield tag="264" ind1=" " ind2="1">
    <subfield code="a">Bogot&#xE1;</subfield>
    <subfield code="b">Educactiva</subfield>
    <subfield code="b">Norma </subfield>
    <subfield code="c">2019</subfield>
  </datafield>
  <datafield tag="300" ind1=" " ind2=" ">
    <subfield code="a">119 p&#xE1;ginas</subfield>
    <subfield code="b">ilustraciones</subfield>
    <subfield code="c">20 cm</subfield>
  </datafield>
  <datafield tag="336" ind1=" " ind2=" ">
    <subfield code="2">rdacontent</subfield>
    <subfield code="a">texto</subfield>
    <subfield code="b">txt</subfield>
  </datafield>
  <datafield tag="337" ind1=" " ind2=" ">
    <subfield code="2">rdamedia</subfield>
    <subfield code="a">sin mediaci&#xF3;n</subfield>
    <subfield code="b">n</subfield>
  </datafield>
  <datafield tag="338" ind1=" " ind2=" ">
    <subfield code="2">rdacarrier</subfield>
    <subfield code="a">volumen</subfield>
    <subfield code="b">nc</subfield>
  </datafield>
  <datafield tag="490" ind1="0" ind2=" ">
    <subfield code="a">Torre amarilla</subfield>
    <subfield code="p">Realismo</subfield>
  </datafield>
  <datafield tag="505" ind1="0" ind2="0">
    <subfield code="t">Cuando callaron las armas</subfield>
    <subfield code="t">Mariposas</subfield>
    <subfield code="t">Unos segundos m&#xE1;s de vida</subfield>
    <subfield code="t">Cumplir con una misi&#xF3;n</subfield>
    <subfield code="t">Puentes</subfield>
    <subfield code="t">La magia del le&#xF3;n</subfield>
    <subfield code="t">Pir&#xE1;mides</subfield>
    <subfield code="t">La carta</subfield>
    <subfield code="t">Aleluya</subfield>
    <subfield code="t">La medalla de oro</subfield>
    <subfield code="t">La medalla de oro</subfield>
    <subfield code="t">Los tigres no tienen alas</subfield>
    <subfield code="t">Eguzkii, hija de la Tierra</subfield>
    <subfield code="t">Problemas b&#xE9;licos</subfield>
  </datafield>
  <datafield tag="520" ind1=" " ind2=" ">
    <subfield code="a">Recomendado para un p&#xFA;blico infantil mayor de 9 a&#xF1;os</subfield>
  </datafield>
  <datafield tag="545" ind1=" " ind2=" ">
    <subfield code="a">Incluye datos biogr&#xE1;ficos de la autora al final del texto</subfield>
  </datafield>
  <datafield tag="650" ind1="1" ind2="7">
    <subfield code="2">LEMB</subfield>
    <subfield code="a">Cuentos infantiles ecuatorianos</subfield>
    <subfield code="y">Siglo XX</subfield>
  </datafield>
  <datafield tag="650" ind1="1" ind2="7">
    <subfield code="2">LEMB</subfield>
    <subfield code="a">Literatura infantil ecuatoriana</subfield>
    <subfield code="y">Siglo XX</subfield>
  </datafield>
  <datafield tag="650" ind1="1" ind2="7">
    <subfield code="2">LEMB</subfield>
    <subfield code="a">Autores ecuatorianos</subfield>
    <subfield code="v">Siglo XX</subfield>
  </datafield>
  <datafield tag="650" ind1="1" ind2="7">
    <subfield code="2">LEMB</subfield>
    <subfield code="a">Conflicto armado </subfield>
    <subfield code="v">Cuentos</subfield>
  </datafield>
  <datafield tag="650" ind1="1" ind2="7">
    <subfield code="2">LEMB</subfield>
    <subfield code="a">Conflicto pol&#xED;tico</subfield>
    <subfield code="v">Cuentos</subfield>
  </datafield>
  <datafield tag="650" ind1="1" ind2="7">
    <subfield code="2">LEMB</subfield>
    <subfield code="a">Ni&#xF1;os y guerra</subfield>
    <subfield code="v">Cuentos</subfield>
  </datafield>
  <datafield tag="650" ind1="1" ind2="7">
    <subfield code="2">LEMB</subfield>
    <subfield code="a">Problemas sociales</subfield>
    <subfield code="v">Cuentos</subfield>
  </datafield>
  <datafield tag="651" ind1=" " ind2="4">
    <subfield code="a">Medio Oriente</subfield>
    <subfield code="x">Condiciones sociales</subfield>
    <subfield code="v">Cuentos</subfield>
    <subfield code="9">153508</subfield>
  </datafield>
  <datafield tag="651" ind1=" " ind2="4">
    <subfield code="a">Am&#xE9;rica del Sur</subfield>
    <subfield code="x">Condiciones sociales</subfield>
    <subfield code="v">Cuentos</subfield>
    <subfield code="9">153509</subfield>
  </datafield>
  <datafield tag="700" ind1="1" ind2=" ">
    <subfield code="a">Aldana, Olga Luc&#xED;a </subfield>
    <subfield code="e">ilustradora</subfield>
    <subfield code="9">168156</subfield>
  </datafield>
  <datafield tag="942" ind1=" " ind2=" ">
    <subfield code="2">loc</subfield>
    <subfield code="c">BKLIT</subfield>
  </datafield>
  <datafield tag="999" ind1=" " ind2=" ">
    <subfield code="c">8860</subfield>
    <subfield code="d">8860</subfield>
  </datafield>
</record>
